Countries Phil Collins has visited - Statistics

General Stats
  • This quiz has been taken 58 times
  • The average score is 27 of 34
Answer Stats
Continent Country % Correct
North America Canada
98%
Asia Japan
98%
North America United States of America
98%
Europe France
95%
South America Chile
93%
Asia China
93%
Europe Germany
93%
Europe Portugal
93%
South America Argentina
91%
Europe Spain
91%
Europe United Kingdom
91%
Oceania Australia
89%
Europe Italy
89%
North America Mexico
86%
Europe Poland
86%
Europe Switzerland
86%
Europe Austria
80%
Europe Belgium
80%
Oceania New Zealand
80%
Africa South Africa
80%
Europe Sweden
80%
Europe Denmark
75%
South America Peru
75%
Europe Norway
73%
Europe the Netherlands
73%
Europe Ireland
70%
South America Venezuela
70%
Europe Czech Republic
66%
Asia Thailand
64%
South America Uruguay
64%
Asia Indonesia
59%
Asia Singapore
57%
Asia Taiwan
57%
Asia the Philippines
52%
No matching quizzes found
Score Distribution
Percent of People with Each Score
Percentile by Number Answered
Your Score History
You have not taken this quiz